Chambers diccionario científico y tecnológico: español-inglés-francés-alemán

Saved in:
Bibliografiske detaljer
Hovedforfatter: Collocott, T. C (Author)
Format: Bog
Sprog:spansk
Udgivet: Barcelona Omega 1979
Fag:
Tags: Tilføj Tag
Ingen Tags, Vær først til at tagge denne postø!

MARC

LEADER 00000nam a2200000 a 4500
001 UCY2193
003 CL-VaPUC
008 941017e19790000SP |||||||||||||||||spa|d
082 0 4 |a 603  |b COL  |2 21 
100 0 |a Collocott, T. C  |e author  |9 330245 
245 1 0 |a Chambers diccionario científico y tecnológico: español-inglés-francés-alemán 
246 1 0 |a Chambers diccionario tecnológico: inglés-francés-alemán-español 
300 |a 2 v 
942 |c BK 
945 |d 19941017 00:00:00  |a mfernand 
260 |a Barcelona  |b Omega  |c 1979 
500 |a v.2: Español, inglés, francés, alemán---v.2: vocabularios inglés-español, francés-español, alemán-español 
650 0 |a Tecnología  |9 256742 
650 7 |a DICCIONARIOS POLIGLOTAS  |2 CL-VaPUC  |9 260792 
650 0 |a Ciencia  |9 255691 
583 |a last modification  |c 19941017 00:00:00  |k Rodrigo Vera 
999 |c 230669  |d 230667 
952 |0 0  |1 0  |4 0  |6 603_000000000000000_COL_1979  |7 0  |8 A  |9 233096  |a BIBALI  |b BIBALI  |c REF  |d 2019-11-15  |h v.1  |i 302685K  |o 603 COL 1979  |p 302685K  |r 2025-01-20  |w 2019-11-15  |y BK_F  |k ALI 
952 |0 0  |1 0  |4 0  |6 603_000000000000000_COL_1979  |7 0  |8 A  |9 233097  |a BIBALI  |b BIBALI  |c REF  |d 2019-11-15  |h v.2  |i 3026841  |o 603 COL 1979  |p 3026841  |r 2025-01-20  |w 2019-11-15  |y BK_F  |k ALI 
952 |0 0  |1 0  |4 0  |6 603_000000000000000_COL_1979  |7 0  |8 X  |9 233098  |a BIBCUR  |b BIBCUR  |d 2019-11-15  |h v.1  |i 1788019  |l 1  |o 603 COL 1979  |p 1788019  |r 2025-04-22  |s 2024-09-10  |w 2019-11-15  |y BK_X  |k BCB 
952 |0 0  |1 0  |4 0  |6 603_000000000000000_COL_1979  |7 0  |8 X  |9 233099  |a BIBCUR  |b BIBCUR  |d 2019-11-15  |h v.2  |i 1788027  |l 1  |o 603 COL 1979  |p 1788027  |r 2025-04-22  |s 2024-09-10  |w 2019-11-15  |y BK_X  |k BCB